000 01741nam0a2200385 4500
001 RU\NLR\bibl\221518
005 20260407071128.0
010 _a5-89921-022-2
_9500
021 _aRU
_b2001-39453
_91872
035 _a(NLR Aleph) 000217582
090 _a1264081
_c1264081
100 _a20020108d2001 |||y0rusy50 ca
101 0 _arus
102 _aRU
105 _aa |||||||||
200 1 _aАдминистративные барьеры в экономике Пермской области
_fИн-т нац. проекта "Обществ. договор", Урал. агентство поддержки малых и сред. предприятий
_g[Д. Г. Галицкий и др.]
210 _aМ.
_cСПРОС
_d2001
215 _a31,[1] с.
_cил.
_d21
606 0 _aПредпринимательство - Правовое регулирование
606 0 _aАдминистративные барьеры в экономике
606 0 _aМалые предприятия - Социологические исследования
606 0 _aПермская обл., право
607 _aПермская область
_xНародное хозяйство
_91276902
_3RU\NLR\auth\66208337
675 _a343.46(470.53)
_v3
_zrus
686 _a10.77
_2rugasnti
686 _a67.408
_2rubbk
686 _aУ03(2Р-4Пе)74
702 1 _aГалицкий
_bД. Г.
_4220
712 0 2 _4570
_aИнститут национального проекта "Общественный договор"
_cМосква
_3RU\NLR\AUTH\8810034673
_9567642
801 0 _aRU
_bRKP
_c20020108
_gPSBO
801 1 _aRU
_bRKP
_c20020108
801 2 _aRU
_bNLR
_c20080115
_grcr
942 _cBOOK
980 _aNB